Sports Quiz

Random Sports or MLB Quiz

MLB Active Players with the Number 7 Quiz Stats

 Plays Quiz not verified by Sporcle

Challenge
Share
Tweet
Embed
Score 0/20 Timer 06:00
0 Plays Today
% Correct
Matt Holliday
93.9%
Joe Mauer
93.9%
Jose Reyes
93.9%
Mark Reynolds
81.8%
Gregor Blanco
78.8%
Tommy La Stella
75.8%
Arismendy Alcantara
69.7%
J.P. Arencibia
69.7%
Collin Cowgill
69.7%
David Murphy
69.7%
% Correct
David DeJesus
66.7%
Alberto Callaspo
60.6%
Alex Guerrero
60.6%
Cody Ross
51.5%
Scott Hairston
48.5%
Ryan Roberts
39.4%
Ramon Santiago
36.4%
Stefen Romero
36.4%
Jayson Nix
33.3%
Ronny Cedeño
30.3%

You're not logged in!

Compare scores with friends on all Sporcle quizzes.
OR
Log In

You Might Also Like...

Show Comments

Extras

Top Quizzes Today


Score Distribution

Your Account Isn't Verified!

In order to create a playlist on Sporcle, you need to verify the email address you used during registration. Go to your Sporcle Settings to finish the process.

Report this User

Report this user for behavior that violates our Community Guidelines.

Details: